000 00913nam a2200301Ia 4500
001 57362
003 IT-RoPAU
008 130308s9999 xx 000 0 und d
040 _aIT-RoPAU
040 _cIT-RoPAU
041 _aFRANCESE
100 _aLaunay Michel
100 _gCodice Aut. SPICS: 21001
245 _aEffet de sens: produit de quoi?
245 _bSignifiant (Le)-Langages N.82
250 _a1a ed.
260 _aPARIS
260 _bLarousse
260 _c1986 [1° Ed.:1986 - Ed.Ling.Originale:1986]
300 _a"27 p. (prefazione: no ; testo: 27 [pagine: 13-39])"
500 _aSenso Referente significante Significato e Connotazione significazione e Referente Significato di potenza e di Effetto Semiotico Significanza e Connotazione Analogia
650 _aSEMIOLOGIA
650 _eCodice materia Spics: 3251
942 _cBK
957 _71
999 _c38303
_d38303
999 _bSI
999 _g1